| 000 | 01509nam0a2200385 4500 | ||
|---|---|---|---|
| 001 | RU\NLR\bibl\925183 | ||
| 005 | 20260406065811.0 | ||
| 010 |
_a5-80420060-7 _d100 р. _91000 |
||
| 021 |
_aRU _b2006-2575 _9115 |
||
| 035 | _a(nilc)EL/0000041949 | ||
| 035 | _aRSL-KNO-002835559 | ||
| 035 | _a(NLR Aleph) 000913444 | ||
| 090 |
_a54302 _c54302 |
||
| 100 | _a20051216d2005 |||y0rusy50 ca | ||
| 101 | 0 | _arus | |
| 102 | _aRU | ||
| 105 | _aah ||||||||| | ||
| 200 | 1 |
_aГород Кенгуру _eнеизвестный Кутилов в издании, подготовленном Марком Мудриком |
|
| 210 |
_aОмск _cA priory _d2005 |
||
| 215 |
_a143 с., [6] л. цв. ил. _cил., факс. _d16 |
||
| 320 | _aБиблиогр. в примеч.: с. 128-137 | ||
| 327 | 0 | _aСодерж. циклы: Об Омске; О любви; Обо всем остальном; [Уроки]; "Малая проза" Аркадия Кутилова | |
| 686 |
_aШ5(2=Р)75-65я44 _2rubbk |
||
| 686 | _aШ6(2=Р)75я44 | ||
| 700 | 1 |
_4070 _8rus _7ca _aКутилов _bА. П. _f1940-1985 _gАркадий Павлович _3RU\NLR\auth\778716 _9118608 |
|
| 702 | 1 |
_4220 _8rus _7ca _aМудрик _bМ.С. _gМарк Семенович _3RU\NLR\auth\7715242 _9124899 |
|
| 801 | 0 |
_aRU _bNLR _c20051216 _grcr |
|
| 801 | 1 |
_aRU _bРГБ _c20051216 |
|
| 801 | 1 |
_aRU _bNLR _c20051216 |
|
| 801 | 2 |
_aRU _bNLR _c20060403 _grcr |
|
| 942 | _cBOOK | ||
| 980 | _aNB | ||
| 980 | _aNBR | ||